000 00770nam a2200253Ia 4500
003 OSt
005 20220928125706.0
006 a|||||r|||| 00| 0
007 ta
008 220927b |||||||| |||| 00| 0 eng d
020 _c8410.9950000000008
024 _a109075
037 _b56, 03/09/2010, Aviva Books Company
_cTextual
040 _aSDCL
_cSDCL
_beng
041 _2eng
_aeng
082 _aR3xL24, Q0
100 _aHoffe Otfried
_9471017
245 0 _aKant's critique of pure reason
_b The foundation of modern philosophy.
260 _aLondon
_bSpringer
_c2010
300 _axviii,449p.
_ccm.
650 _aPhilosophy
942 _hR3xL24, Q0
_cTEXL
_2CC
999 _c783690
_d783690